00280nam a2200097 a 4500008004100000050001500041100002000056245008800076260000900164350000900173120416s1981 xx |||||||||||||| || u aTD 655 Rai aHarremoes, Paul10aRainfall as the basis for urban run-off design and analysiscedited by P. Harremoes c1981 a0.00